000 00452nam a22001817a 4500
003 OSt
005 20140310181711.0
008 121208t xxu||||| |||| 00| 0 eng d
020 _a9715690572
050 _aPL 5531
_b.G643 1959
100 _aGonzales, N.V.M
245 _aThe Bamboo dancers /
_cN.V.M. Gonzalez.
260 _aMakati City :
_bBookmark,
_cc1993.
300 _a358 p. ;
_c18 cm.
562 _e1
942 _2lcc
_cBK
999 _c1558
_d1558